|
|
แสดงรายละเอียดบรรณานุกรม |
|
|
Brief Record
: Get Marc (ISO 2709)
: E-mail record
: |
| LEADER 00000nam 2200000uu 4500 | |||
| 001 206251 | |||
| 003 ULIBM | |||
| 008 110809s2552||||th 000 0 tha d | |||
| 024 978-616-90251-0-8 | |||
| 060 0 WZ 18 จ111 2552. | |||
| 245 00 ^aเจ้าเป็นไผ 2 เคารพในความแตกต่างหลากหลายของชีวิตคนธรรมดาสามัญ. | |||
| 250 ^aพิมพ์ครั้งที่ 1. | |||
| 260 ^aบุรีรัมย์ : ^bมหาชีวาลัยอีสาน,^c2552. | |||
| 300 ^aจำนวน 189 หน้า ;^bภาพประกอบ. | |||
| 650 0 ^aบทเรียนชีวิต. | |||
| 650 0 ^aการเรียนรู้ - - ชีวประวัติบุคคล. | |||
| 710 1 ^aมหาชีวาลัยอีสาน. | |||
| 999 ^aใช้งานได้ทุกระบบ | |||
| คุณยังไม่ได้ล็อกอิน คุณสามารถมีกิจกรรมร่วมกับเว็บไซต์ได้ แต่ต้องล็อกอินก่อน :: |
|
| สถานะ | |||||||||
| 1. | หนังสือทั่วไป | WZ 18 จ111 2552. | On Shelf ขอยืม | ||||||
| [แสดง 1/1 รายการ] | |||||||||
BibComment |
| คอมเมนท์ทรัพยากรรายการนี้ |
|
|